Statystyki dla Zwycięzcy Piłkarskiej Ligi Mistrzów i Pucharu Mistrzów

Kliknij tutaj aby rozwiązać quiz!

Ogólne statystyki

  • Ten quiz został rozwiązany 10,057 razy
    (6,374 od ostatniego zresetowania)
  • Średni wynik to 53 z 64

Statystyki odpowiedzi

Rok Answer % Correct
1956Real Madryt
100%
1992FC Barcelona
100%
1977Liverpool F.C
98%
2019Liverpool F.C.
98%
2013Bayern Monachium
96%
1974Bayern Monachium
95%
1968Manchester United
95%
1963AC Milan
94%
2012Chelsea F.C
92%
1964Inter Mediolan
89%
1985Juventus Turyn
89%
1997Borussia Dortmund
81%
1987FC Porto
79%
1971Ajax Amsterdam
74%
1961Benfica Lizbona
47%
1979Nottingham Forest
45%
1991Crvena Zvezda Belgrad
40%
1988PSV Eindhoven
32%
1967Celtic FC
26%
1986Steaua Bukareszt
24%
1982Aston Villa F.C
24%
1993Olympique Marsylia
23%
1970Feyenoord Rotterdam
15%
1983Hamburger SV
12%

Rozkład punktacji

Percentyl według liczby udzielonych odpowiedzi

Procent ludzi z każdym wynikiem

Twoja historia wyników

Nie rozwiązałeś tego quizu od ostatniego zresetowania